000 00482nam a2200217Ia 4500
001 13060
003 GE_BSU
008 181216s||||||||xx |||||||||||||| ||und||
020 _a9780061474323
040 _cGE_BSU
080 _a821.111-3
100 _aSands,Lunsay.
245 _aBorn to bite.
245 3 _bAn argeneau novel.
260 _aNew York.
260 _bAvon.
260 _c2010
300 _a378p;18cm.
653 _aBorn to bite:An argeneau novel.
942 _cBK
999 _c46227
_d46227